| 000 | 00696nam a2200217 a 4500 | ||
|---|---|---|---|
| 001 | BRCA_5837 | ||
| 005 | 20190320205231.0 | ||
| 008 | 140311t1945----nyuab####s---#000-0#eng-# | ||
| 041 | _aeng | ||
| 044 | _anyu | ||
| 050 | 4 |
_aG1 _b.G46 |
|
| 245 | 1 | 0 |
_aGeographical Review, October, 1945. _cThe American Geographical Society of New York. |
| 260 |
_aNew York _bThe American Geographical Society of New York _c1945 |
||
| 300 |
_av.XXXV Nº4 160 p. _bils., maps. _c25 cm. |
||
| 500 | _aRevista inventariada como libro por el Banco de México. | ||
| 500 | _aVer también Q208 | ||
| 500 | _aH98 | ||
| 650 | 1 | 4 |
_aGeografía. _vPublicación periódica _zNew York _914781 |
| 902 | _aGFM | ||
| 942 |
_2lcc _cB |
||
| 999 |
_c5526 _d5526 |
||